00366 a2200097 4500001000900000005001700009008004100026245013200067100002700199773004200226ART_649520260410161620.0260409a 10aLa actuación del contador como perito. Conocimientos que debe poseer y dificultades que se pueden presentar en su actuación1 aRodríguez, Raquel E.0 tEnfoquesg- Nº 6 (jun. 2009)wREV416